000 00975cam a22003137a 4500
003 CHAP
005 20220817042620.0
008 971013s1980 r 00010 d
010 _a49872
011 _a50844
035 _a54994
040 _cCHAP
082 _a338.973
_bF4
100 0 0 _aFeldstein, Martin.
_939990
245 1 4 _aThe american economy in transition
260 _aChicago :
_bUniversity of Chicago,
_c1980
300 _a696 p.
_b: tabals ; gráfs.
590 _aBATCH-UPD
_b10
_c20130110
_lUCH01
_h0314
590 _aBATCH-UPD
_b10
_c20130110
_lUCH01
_h1838
590 _aBATCH-UPD
_b10
_c20130409
_lUCH01
_h2346
590 _aBATCH-UPD
_b10
_c20130914
_lUCH01
_h1150
590 _aCONVERSION
_b10
_c20130109
_lUCH01
_h1327
650 1 4 _aDesarrollo económico.
650 1 4 _aE.U.A.
_xCondiciones económicas.
_934838
650 1 4 _aEconomía.
_935226
901 _aBK
942 _cLIBRO
949 _a338.973 F4
_bBC
_cLIBRO
_d33724000384004
_eLIBRO
_h57416
_i54994
_si
999 _c49872
_d49872